| 000 | 00527nam a22001937a 4500 | ||
|---|---|---|---|
| 003 | OSt | ||
| 005 | 20151209160134.0 | ||
| 008 | 151209b xxu||||| |||| 00| 0 eng d | ||
| 020 | _a0850921724 | ||
| 040 | _cDDC. | ||
| 082 | _a370 COM1980 | ||
| 100 |
_aCommon wealth Secretariat. _96562 |
||
| 245 | _aParticipation Learning and Change, | ||
| 260 |
_aLondon. _bCommon Wealth secretariat. _c1980. |
||
| 300 |
_a223p; _bill; _c1980. |
||
| 504 | _aincludes index ,Bibliography. | ||
| 650 |
_aEducation. _91404 |
||
| 942 |
_2ddc _cSLOAN |
||
| 999 |
_c2855 _d2855 |
||